000
00292nam a22001217a 4500
082
_a
158.4
100
_a
Covey, Stephen R.
245
_a
Principle-centered leadership
260
_a
Rawalpindi :
_b
Services Book Club,
_c
2004.
300
_a
332 . ;
_b
23 cm.
500
_a
Hardcover.
942
_c
BK
999
_c
34130
_d
34130